| Tag |
First Indicator |
Second Indicator |
Subfields |
| LEADER |
00000cam a2200000 4500 |
| 001 |
in00000022816 |
| 005 |
20151007064142.0 |
| 008 |
740919s1926 nyucf 00010 eng u |
| 010 |
|
|
|a 26001693
|
| 035 |
|
|
|a (OCoLC)01016204
|
| 035 |
|
|
|9 AAD9178AM
|
| 040 |
|
|
|c CWR
|d TXA
|d UtOrBLW
|
| 049 |
|
|
|a TXAM
|c [35993]
|
| 050 |
|
0 |
|a HV6248.C15
|b M3 1926
|
| 092 |
|
|
|a 823
|b M149cw
|
| 100 |
1 |
|
|a Machen, Arthur,
|d 1863-1947.
|
| 245 |
1 |
4 |
|a The Canning wonder /
|c [by] Arthur Machen.
|
| 264 |
|
1 |
|a New York :
|b A.A. Knopf,
|c 1926.
|
| 300 |
|
|
|a xiii, 277 pages ;
|c front., plates, ports. ;
|c 23 cm.
|
| 336 |
|
|
|a text
|b txt
|2 rdacontent
|
| 337 |
|
|
|a unmediated
|b n
|2 rdamedia
|
| 338 |
|
|
|a volume
|b nc
|2 rdacarrier
|
| 600 |
1 |
0 |
|a Canning, Elizabeth,
|d 1734-1773.
|
| 999 |
|
|
|a MARS
|
| 999 |
f |
f |
|s fc4d53ed-9992-302a-a0aa-9df52cdb78fc
|i d9ee69d9-4e77-307e-a693-bf475479daaa
|t 0
|
| 952 |
f |
f |
|p ric
|a Texas A&M University
|b Rellis Campus
|c Joint Library Facility
|d Remote Storage
|t 0
|e HV6248.C15 M3 1926
|h Library of Congress classification
|i unmediated -- volume
|m A14801324747
|
| 998 |
f |
f |
|a HV6248.C15 M3 1926
|t 0
|l Remote Storage
|